[Event "VIII Open Primavera Vomero"]
[Site "Napoli ITA"]
[Date "2011.03.11"]
[Round "1"]
[White "Accardo, Francesco"]
[Black "Di Lorenzo, Beniamino"]
[Result "1-0"]
[WhiteElo "1845"]
[BlackElo "1386"]
[PlyCount "43"]
[EventDate "2011.03.11"]

1. g4 d5 2. Bg2 Bxg4 3. c4 Nf6 4. Qb3 Na6 5. cxd5 Nc5 6. Qb5+ Nfd7 7. b4 a6 8.
Qc4 Bxe2 9. Nxe2 b5 10. Qd4 e5 11. dxe6 Nxe6 12. Qe4 Rb8 13. Bb2 Qe7 14. Nbc3
Qxb4 15. Rb1 Ndc5 16. Qc6+ Kd8 17. O-O Qc4 18. d3 Nxd3 19. Qxa6 Nd4 20. Nxd4
Nxb2 21. Nc6+ Ke8 22. Rfe1+ 1-0

[Event "VIII Open Primavera Vomero"]
[Site "Napoli ITA"]
[Date "2011.03.11"]
[Round "1"]
[White "Avolio, Giovanni"]
[Black "Supino, Domenico"]
[Result "0-1"]
[WhiteElo "1808"]
[BlackElo "2109"]
[PlyCount "114"]
[EventDate "2011.03.11"]

1. c4 c5 2. Nc3 Nc6 3. Nf3 Nf6 4. g3 g6 5. Bg2 Bg7 6. O-O O-O 7. d4 cxd4 8.
Nxd4 Qb6 9. Nb3 d6 10. Bg5 Be6 11. Bxf6 Bxf6 12. Nd5 Bxd5 13. cxd5 Ne5 14. Rc1
Rac8 15. Rc2 Qa6 16. Nc1 Nc4 17. b3 Na3 18. Rxc8 Rxc8 19. Nd3 Qb6 20. b4 Rc2
21. Ne1 Rxa2 22. Qb3 Ra1 23. e3 Nb5 24. Nf3 Ra3 25. Qc4 Rc3 26. Qg4 Na3 27. Nd2
Rc2 28. Rd1 h5 29. Qf4 Bg7 30. Bf1 Be5 31. Qh4 Bf6 32. Qf4 g5 33. Qe4 Rb2 34.
Bd3 Qc7 35. Qh7+ Kf8 36. Ne4 Ke8 37. Qg8+ Kd7 38. Nxf6+ exf6 39. Bf5+ Ke7 40.
Rd4 Nc4 41. Re4+ Ne5 42. Qh7 Kf8 43. Qxh5 Qc1+ 44. Kg2 Qd2 45. Qh8+ Ke7 46.
Rxe5+ fxe5 47. Kf3 Qxf2+ 48. Kg4 Qe2+ 49. Kxg5 Qxe3+ 50. Kg4 Rxb4+ 51. Kh3 Qg5
52. Qh7 a5 53. Be6 Qf6 54. Bg4 a4 55. Qc2 Qf1+ 56. Kh4 Qc4 57. Qf5 Qxg4+ 0-1

[Event "VIII Open Primavera Vomero"]
[Site "Napoli ITA"]
[Date "2011.03.11"]
[Round "1"]
[White "Casale, Antonio"]
[Black "Borrelli, Salvatore"]
[Result "1-0"]
[WhiteElo "1802"]
[BlackElo "1973"]
[PlyCount "59"]
[EventDate "2011.03.11"]

1. d4 e6 2. c4 f5 3. Nc3 Nf6 4. Nf3 b6 5. g3 Bb7 6. Bg2 Bb4 7. Bd2 O-O 8. O-O
Bxc3 9. Bxc3 Ne4 10. Qc2 Nxc3 11. Qxc3 d6 12. Rad1 Qe7 13. Rfe1 Nd7 14. e3 Qf7
15. b4 Qh5 16. Nd2 Bxg2 17. Kxg2 Nf6 18. Qd3 e5 19. dxe5 dxe5 20. Qe2 Qxe2 21.
Rxe2 Rfd8 22. Ree1 e4 23. Nb3 Ng4 24. Nd4 g6 25. Ne6 Rxd1 26. Rxd1 Ne5 27. Rd4
Kf7 28. Nxc7 Rc8 29. Nb5 Rxc4 30. Nd6+ 1-0

[Event "VIII Open Primavera Vomero"]
[Site "Napoli ITA"]
[Date "2011.03.11"]
[Round "1"]
[White "Chiummo, Sergio"]
[Black "Sgammato, Francesco"]
[Result "1-0"]
[WhiteElo "1937"]
[BlackElo "1689"]
[PlyCount "115"]
[EventDate "2011.03.11"]

1. c4 c5 2. Nf3 Nf6 3. Nc3 Nc6 4. d4 cxd4 5. Nxd4 Nxd4 6. Qxd4 g6 7. e4 Bg7 8.
Be2 d6 9. Be3 Bd7 10. O-O O-O 11. Qd2 Qa5 12. Bh6 Be6 13. Bxg7 Kxg7 14. Qc2
Rac8 15. b3 a6 16. Nd5 Bxd5 17. exd5 Qxd5 18. Bf3 Qb5 19. Qe2 Qd7 20. Rfe1 Rfe8
21. Rad1 Qc7 22. Qe3 b6 23. h4 a5 24. h5 Qc5 25. h6+ Kf8 26. Qc3 Qg5 27. Qe3
Qxe3 28. Rxe3 Ng8 29. Be2 Nxh6 30. Rh3 Kg7 31. Re1 Rc7 32. Bf3 Ng8 33. g4 Rc5
34. Kg2 g5 35. Reh1 h6 36. Be4 Re5 37. Bb1 f6 38. Rd1 Rc8 39. Kf3 b5 40. Bd3
bxc4 41. Bxc4 Rcc5 42. Rd4 d5 43. Bd3 Re6 44. Kg2 Rd6 45. b4 axb4 46. Rxb4 Rc7
47. a4 e5 48. a5 e4 49. Bf1 d4 50. a6 Ne7 51. Rhb3 Nd5 52. Rb7 d3 53. a7 d2 54.
Rb1 Kg6 55. a8=Q Nf4+ 56. Kg3 Rdd7 57. Rxc7 Rxc7 58. Qxe4+ 1-0

[Event "VIII Open Primavera Vomero"]
[Site "Napoli ITA"]
[Date "2011.03.11"]
[Round "1"]
[White "Condorelli, Pietro"]
[Black "Improta, Giovanni"]
[Result "0-1"]
[WhiteElo "1512"]
[BlackElo "1859"]
[PlyCount "56"]
[EventDate "2011.03.11"]

1. e4 Nf6 2. e5 Nd5 3. d4 d6 4. f4 Bf5 5. Nf3 Nb4 6. Na3 dxe5 7. fxe5 e6 8. c3
Nd5 9. Nc4 b5 10. Ne3 Nxe3 11. Bxe3 a6 12. Be2 Be7 13. O-O O-O 14. Qd2 Bg4 15.
Rad1 Nd7 16. h3 Bh5 17. Bd3 Bg6 18. Be2 c5 19. Nh2 Qa5 20. a3 Rad8 21. Qc1 cxd4
22. b4 Qc7 23. Bxd4 Nxe5 24. Kh1 Nc4 25. Bxc4 Qxc4 26. Rde1 f6 27. Rxe6 Qxe6
28. Re1 28... Qd7 {...} 0-1

[Event "VIII Open Primavera Vomero"]
[Site "Napoli ITA"]
[Date "2011.03.11"]
[Round "1"]
[White "Di Gennaro, Antonio"]
[Black "Caiazzo, Diego"]
[Result "1/2-1/2"]
[WhiteElo "1659"]
[BlackElo "1863"]
[PlyCount "129"]
[EventDate "2011.03.11"]

1. e4 e6 2. d4 d5 3. Nc3 dxe4 4. Nxe4 Nd7 5. Nf3 Ngf6 6. Bg5 Be7 7. Nxf6+ Bxf6
8. h4 h6 9. Bxf6 Qxf6 10. Qd2 O-O 11. O-O-O b6 12. Re1 Bb7 13. Ne5 Rfd8 14. f4
c5 15. Rh3 cxd4 16. Qxd4 Nc5 17. Qe3 Ne4 18. Bd3 Nc5 19. Bf1 Qe7 20. g4 Qd6 21.
Nd3 Nxd3+ 22. Bxd3 Qd4 23. Rd1 Qxe3+ 24. Rxe3 Kf8 25. c3 Rac8 26. Kb1 Rc5 27.
Kc2 Rcd5 28. Be2 Rxd1 29. Bxd1 Rd6 30. Bf3 Bxf3 31. Rxf3 Ke7 32. Re3 Kd7 33.
Re5 Kc6 34. Re4 Rd5 35. Ra4 a5 36. Re4 b5 37. c4 bxc4 38. Rxc4+ Kd6 39. b4 g6
40. a4 axb4 41. Rxb4 f6 42. Kc3 e5 43. Re4 Rc5+ 44. Kb4 Rd5 45. Kc4 h5 46. g5
exf4 47. Rxf4 f5 48. Kb4 Ke5 49. Rf1 Rd4+ 50. Kb5 Rd5+ 51. Kb4 f4 52. Ra1 Rd4+
53. Kc3 f3 54. a5 Rd8 55. a6 Kf4 56. a7 f2 57. a8=Q Rxa8 58. Rxa8 Kg3 59. Rf8
Kxh4 60. Rxf2 Kxg5 61. Rg2+ Kf5 62. Rf2+ Kg5 63. Kd4 h4 64. Ke5 h3 65. Rh2
1/2-1/2

[Event "VIII Open Primavera Vomero"]
[Site "Napoli ITA"]
[Date "2011.03.11"]
[Round "1"]
[White "Di Meo, Antonio"]
[Black "Lombardo, Claudio"]
[Result "1-0"]
[WhiteElo "1972"]
[BlackElo "1772"]
[PlyCount "50"]
[EventDate "2011.03.11"]

1. d4 Nf6 2. Nf3 e6 3. e3 c5 4. Bd3 b6 5. c3 Bb7 6. Nbd2 Be7 7. O-O cxd4 8.
exd4 d6 9. Re1 O-O 10. Ne4 Bxe4 11. Bxe4 Nxe4 12. Rxe4 Nd7 13. Qd3 d5 14. Re3
Nf6 15. Ne5 Qc7 16. Rh3 g6 17. Bh6 Rfc8 18. Re1 Bf8 19. Qe3 Qe7 20. Bg5 Qd8 21.
Qg3 Be7 22. Qh4 h5 23. Rf3 Kg7 24. g4 hxg4 25. Nxg4 Nxg4 1-0

[Event "VIII Open Primavera Vomero"]
[Site "Napoli ITA"]
[Date "2011.03.11"]
[Round "1"]
[White "Esposito, Pino"]
[Black "Morace, Vitaliano"]
[Result "1-0"]
[WhiteElo "1859"]
[BlackElo "1607"]
[PlyCount "89"]
[EventDate "2011.03.11"]

1. e4 e5 2. Nf3 Nc6 3. Bb5 a6 4. Ba4 Nf6 5. O-O b5 6. Bb3 d6 7. Re1 Bg4 8. c3
Na5 9. Bc2 Be7 10. d4 O-O 11. dxe5 dxe5 12. Qxd8 Rfxd8 13. Nxe5 c5 14. Bg5 Be6
15. Nd2 h6 16. Be3 Bd6 17. Ndf3 Ng4 18. Nxg4 Bxg4 19. b3 Bxf3 20. gxf3 Be5 21.
Red1 Bxc3 22. Rab1 c4 23. Bb6 Rd2 24. Rxd2 Bxd2 25. Rd1 Bc3 26. e5 Nc6 27. Be4
Rb8 28. Bxc6 Rxb6 29. Rd8+ Kh7 30. Be4+ g6 31. f4 cxb3 32. axb3 Re6 33. Rd7 h5
34. Bd5 Rb6 35. Rxf7+ Kh6 36. e6 Bb4 37. e7 Bxe7 38. Rxe7 Rf6 39. Re6 Rxe6 40.
Bxe6 b4 41. Kf1 h4 42. Ke2 Kg7 43. Kd3 Kf6 44. Bc8 a5 45. Kc4 1-0

[Event "VIII Open Primavera Vomero"]
[Site "Napoli ITA"]
[Date "2011.03.11"]
[Round "1"]
[White "Esposito, Rosario"]
[Black "Rosato, Luciano"]
[Result "1/2-1/2"]
[WhiteElo "1833"]
[BlackElo "2278"]
[PlyCount "63"]
[EventDate "2011.03.11"]

1. d4 d6 2. c4 g6 3. Nc3 Bg7 4. e4 Nf6 5. f3 O-O 6. Be3 b6 7. Qd2 c5 8. d5 a6
9. Bd3 Nbd7 10. Nge2 Ne5 11. O-O Rb8 12. Rfb1 b5 13. cxb5 c4 14. Bc2 axb5 15.
b4 e6 16. a4 exd5 17. exd5 bxa4 18. Rxa4 Bb7 19. b5 Re8 20. Bg5 Qb6+ 21. Kh1
Ra8 22. Rxa8 Rxa8 23. Be3 Qa5 24. Be4 Nxe4 25. fxe4 Nd3 26. Nd4 Re8 27. b6 f5
28. exf5 gxf5 29. Nxf5 Qxc3 30. Nh6+ Kh8 31. Nf7+ Kg8 32. Nh6+ 1/2-1/2

[Event "VIII Open Primavera Vomero"]
[Site "Napoli ITA"]
[Date "2011.03.11"]
[Round "1"]
[White "Ficco, Corrado"]
[Black "Angelotti, Mario"]
[Result "1-0"]
[WhiteElo "2130"]
[BlackElo "1820"]
[PlyCount "37"]
[EventDate "2011.03.11"]

1. e4 e6 2. d4 d5 3. Nc3 Bb4 4. e5 Bxc3+ 5. bxc3 b6 6. Qg4 Ne7 7. Qxg7 Rf8 8.
Qxh7 Ng6 9. Bd3 Ne7 10. Nf3 Ba6 11. Bh6 Bxd3 12. cxd3 Ng6 13. Bxf8 Nxf8 14. Qg7
Nbd7 15. h4 c5 16. Qg5 f6 17. exf6 Nxf6 18. Ne5 N8d7 19. Qg6+ 1-0

[Event "VIII Open Primavera Vomero"]
[Site "Napoli ITA"]
[Date "2011.03.11"]
[Round "1"]
[White "Gallina, Giacomo"]
[Black "Cosenza, Gianni"]
[Result "1/2-1/2"]
[WhiteElo "1703"]
[BlackElo "1959"]
[PlyCount "21"]
[EventDate "2011.03.11"]

1. e4 e6 2. d4 d5 3. exd5 exd5 4. g3 Bd6 5. Bg2 c6 6. c3 Bf5 7. Nf3 Ne7 8. O-O
O-O 9. Nbd2 Nd7 10. Re1 Nf6 11. Nf1 1/2-1/2

[Event "VIII Open Primavera Vomero"]
[Site "Napoli ITA"]
[Date "2011.03.11"]
[Round "1"]
[White "Marturano, Giampiero"]
[Black "Zinnai, Graziano Matteo"]
[Result "0-1"]
[WhiteElo "2068"]
[BlackElo "1807"]
[PlyCount "66"]
[EventDate "2011.03.11"]

1. e4 c6 2. d4 d5 3. e5 Bf5 4. h4 h5 5. Bd3 Bxd3 6. Qxd3 e6 7. Nf3 Nd7 8. c4
Ne7 9. c5 b6 10. b4 a5 11. Bd2 axb4 12. Bxb4 bxc5 13. dxc5 Ng6 14. Qc3 Qc7 15.
Nbd2 Ngxe5 16. O-O Be7 17. Rae1 Bf6 18. Ng5 Ng4 19. Qh3 O-O 20. a3 Qf4 21. g3
Qf5 22. Qg2 Bb2 23. Nb3 Qc2 24. f3 Qxb3 25. fxg4 Bxa3 26. Bxa3 Rxa3 27. gxh5
Qxg3 28. Qxg3 Rxg3+ 29. Kh2 Rc3 30. Rc1 Rxc5 31. Rxc5 Nxc5 32. Rc1 Nd7 33. Rxc6
Nf6 0-1

[Event "VIII Open Primavera Vomero"]
[Site "Napoli ITA"]
[Date "2011.03.11"]
[Round "1"]
[White "Russo Spena, Vincenzo"]
[Black "De Meo, Guido"]
[Result "1/2-1/2"]
[WhiteElo "1409"]
[BlackElo "1851"]
[PlyCount "103"]
[EventDate "2011.03.11"]

1. Nf3 d5 2. g3 Nc6 3. Bg2 e5 4. d3 Nf6 5. Nbd2 Be6 6. O-O Bc5 7. e4 d4 8. b3
O-O 9. Bb2 Nd7 10. a3 a5 11. Qc1 Qe7 12. Nb1 f5 13. Nbd2 f4 14. Nb1 Bg4 15.
Nbd2 Rf7 16. h3 Be6 17. Nh2 Raf8 18. Qd1 Nf6 19. Ndf3 h6 20. g4 g5 21. c3 dxc3
22. Bxc3 Bc8 23. Nxe5 Bxf2+ 24. Rxf2 Nxe5 25. Bxe5 Qxe5 26. Nf3 Qc5 27. d4 Qb6
28. Ne5 Rg7 29. Nc4 Qa7 30. Qd2 Rd8 31. Rd1 Rgd7 32. d5 b6 33. Kf1 Ba6 34. Ke1
Re7 35. Re2 Rde8 36. e5 Bxc4 37. bxc4 Rxe5 38. Rxe5 Rxe5+ 39. Kf1 Qb8 40. d6
cxd6 41. Qxd6 Qxd6 42. Rxd6 Ne4 43. Bxe4 Rxe4 44. Rxh6 Kg7 45. Rxb6 Rxc4 46.
Rb5 Kf6 47. Rxa5 Rc3 48. Rf5+ Kg6 49. a4 Rxh3 50. a5 Ra3 51. Ke2 Rg3 52. a6
1/2-1/2

[Event "VIII Open Primavera Vomero"]
[Site "Napoli ITA"]
[Date "2011.03.11"]
[Round "1"]
[White "Taurisano, Vincenzo"]
[Black "Petteruti, Antonio"]
[Result "1-0"]
[WhiteElo "1858"]
[BlackElo "1485"]
[PlyCount "73"]
[EventDate "2011.03.11"]

1. d4 d5 2. c4 c6 3. Nc3 dxc4 4. a4 a6 5. e4 Nf6 6. Bxc4 e6 7. Nf3 Bb4 8. Qc2
O-O 9. O-O Nbd7 10. Bg5 Be7 11. Rfe1 Nb6 12. Ba2 Bd7 13. a5 Nc8 14. Bb1 g6 15.
Ne5 Na7 16. Ba2 Nb5 17. Rad1 Nc7 18. Na4 Bb4 19. Bxf6 Qxf6 20. Nxd7 Qe7 21.
Nxf8 Bxe1 22. Rxe1 Qxf8 23. Nc5 Qc8 24. Bc4 Nb5 25. Qd2 Nd6 26. Ba2 Qc7 27. b4
Rd8 28. Qf4 Qe7 29. h4 h5 30. Qg5 Qc7 31. Bxe6 Kg7 32. e5 Nb5 33. Qf6+ Kf8 34.
Bxf7 Qxf7 35. Ne6+ Kg8 36. Qxd8+ Kh7 37. Ng5+ 1-0

[Event "VIII Open Primavera Vomero"]
[Site "Napoli ITA"]
[Date "2011.03.18"]
[Round "2"]
[White "Accardo, Francesco"]
[Black "Esposito, Pino"]
[Result "1-0"]
[WhiteElo "1845"]
[BlackElo "1859"]
[PlyCount "59"]
[EventDate "2011.03.11"]

1. b4 e5 2. Bb2 f6 3. e4 Bxb4 4. Bc4 Ne7 5. Qh5+ Ng6 6. f4 exf4 7. Nh3 Qe7 8.
e5 fxe5 9. Ng5 d5 10. Bxd5 Nd7 11. Bf7+ Kf8 12. Bxg6 Nf6 13. Qh4 Be6 14. a3 Bd6
15. Nc3 h6 16. Nxe6+ Qxe6 17. O-O-O Nd5 18. Qh5 Ne7 19. Be4 g6 20. Qf3 c6 21.
d4 Rc8 22. g3 Qf6 23. Rhf1 g5 24. Kb1 Kg7 25. h4 Rcd8 26. gxf4 exf4 27. d5 Be5
28. d6 Nf5 29. hxg5 hxg5 30. Qg4 1-0

[Event "VIII Open Primavera Vomero"]
[Site "Napoli ITA"]
[Date "2011.03.18"]
[Round "2"]
[White "Angelotti, Mario"]
[Black "Condorelli, Pietro"]
[Result "1-0"]
[WhiteElo "1820"]
[BlackElo "1512"]
[PlyCount "73"]
[EventDate "2011.03.11"]

1. e4 c5 2. Nf3 a6 3. d4 cxd4 4. Nxd4 e5 5. Nf3 Nf6 6. Nxe5 Qa5+ 7. Nc3 Qxe5 8.
f4 Qc7 9. e5 Ng8 10. Be3 Bb4 11. Bd3 Ne7 12. Bd2 O-O 13. Qh5 Ng6 14. O-O-O Bxc3
15. Bxc3 Qb6 16. f5 Nf4 17. Qg4 Nxd3+ 18. Rxd3 h5 19. Qxh5 Qh6+ 20. Qxh6 gxh6
21. Rg3+ Kh7 22. e6 fxe6 23. Rg7+ Kh8 24. Rxd7+ Kg8 25. Rg7+ Kh8 26. Rxb7+ Kg8
27. Rg7+ Kh8 28. f6 Nc6 29. Rf1 e5 30. Rc7 Nd4 31. Bxd4 exd4 32. Rf4 Be6 33.
Re7 Bf7 34. Rxd4 Bh5 35. Rh4 Be8 36. Rxh6+ Kg8 37. Rg7# 1-0

[Event "VIII Open Primavera Vomero"]
[Site "Napoli ITA"]
[Date "2011.03.18"]
[Round "2"]
[White "Caiazzo, Diego"]
[Black "Russo Spena, Vincenzo"]
[Result "1-0"]
[WhiteElo "1863"]
[BlackElo "1409"]
[PlyCount "127"]
[EventDate "2011.03.11"]

1. Nf3 Nf6 2. b3 g6 3. Bb2 Bg7 4. g3 d6 5. Bg2 Nbd7 6. O-O O-O 7. c4 e5 8. d4
e4 9. Ng5 Re8 10. e3 h6 11. Nh3 b6 12. Nf4 Bb7 13. Nd2 g5 14. Nh5 Nxh5 15. Qxh5
Nf6 16. Qd1 d5 17. Qc2 Rc8 18. Rac1 c6 19. Qb1 Ba6 20. Rfd1 b5 21. cxb5 cxb5
22. Rxc8 Bxc8 23. Rc1 a6 24. Qc2 Bd7 25. Ba3 Qb8 26. Qc7 Qa8 27. Qa5 Bf8 28.
Bxf8 Rxf8 29. Rc7 Bc8 30. Qb6 Be6 31. Rc6 a5 32. Rc7 Nd7 33. Qxb5 Rb8 34. Qc6
Qxc6 35. Rxc6 Ra8 36. Bf1 Nb8 37. Rc7 Kf8 38. Bb5 Na6 39. Bxa6 Rxa6 40. Nb1 Ke8
41. Rc5 Kd7 42. Nc3 f5 43. Nxd5 Bxd5 44. Rxd5+ Ke6 45. Rc5 h5 46. h3 a4 47. b4
a3 48. Ra5 Rb6 49. b5 Kd6 50. Ra6 Rxa6 51. bxa6 Kc6 52. a7 Kb7 53. a8=Q+ Kxa8
54. Kf1 Kb7 55. Ke2 Kc6 56. Kd2 Kb5 57. Kc3 f4 58. Kb3 h4 59. gxh4 fxe3 60.
fxe3 gxh4 61. Kc3 Kc6 62. Kc4 Kd6 63. d5 Kc7 64. Kd4 1-0

[Event "VIII Open Primavera Vomero"]
[Site "Napoli ITA"]
[Date "2011.03.18"]
[Round "2"]
[White "Cosenza, Gianni"]
[Black "Di Gennaro, Antonio"]
[Result "1/2-1/2"]
[WhiteElo "1959"]
[BlackElo "1659"]
[PlyCount "169"]
[EventDate "2011.03.11"]

1. e4 c5 2. Nf3 d6 3. d4 cxd4 4. Nxd4 Nf6 5. Nc3 a6 6. f4 e5 7. Nf3 Nbd7 8. Bc4
Be7 9. Qe2 b5 10. Bd3 Bb7 11. a3 Rc8 12. O-O O-O 13. Kh1 Re8 14. fxe5 Nxe5 15.
Nd4 g6 16. Nf3 Nfd7 17. Nxe5 Nxe5 18. Qf2 Bf8 19. Be3 Qe7 20. Qg3 f6 21. Rae1
Bg7 22. Bd4 Rf8 23. h4 Rcd8 24. Ne2 Rf7 25. Nf4 g5 26. Nd5 Bxd5 27. exd5 Bh6
28. Bf5 Rg7 29. h5 Kh8 30. Qe3 Qe8 31. g4 Qe7 32. Bc3 Qb7 33. Qd4 Re7 34. Be6
Rxe6 35. Qe4 Re7 36. Rxf6 Bg7 37. Rf5 h6 38. Ref1 Qc8 39. Kg2 Qc4 40. Bd4 Qc8
41. c3 Rf8 42. Kh3 Qe8 43. Rxf8+ Bxf8 44. Rf5 Bg7 45. Kg3 Kg8 46. Qg2 Rf7 47.
Qf2 Rxf5 48. Qxf5 Qf7 49. b3 Qxf5 50. gxf5 Bf6 51. c4 bxc4 52. bxc4 Kf7 53. c5
dxc5 54. Bxc5 Ke8 55. Bb4 Kd7 56. Bf8 Nf7 57. Kf3 Ke8 58. Bc5 Be7 59. Bd4 Bxa3
60. f6 Kd7 61. Ke4 Bd6 62. Kf5 Bf8 63. Kg6 Ke8 64. Bc3 g4 65. Be1 Nd6 66. f7+
Nxf7 67. Kf5 Nd6+ 68. Kxg4 Bg7 69. Bb4 Bf8 70. Kf4 Nb7 71. Bc3 Kf7 72. Ke4 Bg7
73. Bb4 Bf8 74. Bc3 Bc5 75. Bd2 Bf8 76. Kd4 a5 77. Kc4 Kg7 78. Kb5 Bb4 79. Be3
Kh7 80. Bf4 Nd6+ 81. Kc6 Kg7 82. Be5+ Kf7 83. Bf4 Kg7 84. Be5+ Kf7 85. Bf4
1/2-1/2

[Event "VIII Open Primavera Vomero"]
[Site "Napoli ITA"]
[Date "2011.03.18"]
[Round "2"]
[White "De Meo, Guido"]
[Black "Somma, Andrea"]
[Result "0-1"]
[WhiteElo "1851"]
[BlackElo "1590"]
[PlyCount "66"]
[EventDate "2011.03.11"]

1. d4 d5 2. c4 e6 3. Nc3 Nf6 4. Nf3 Be7 5. g3 b6 6. Bg2 Bb7 7. O-O O-O 8. Bg5
Ne4 9. Bxe7 Qxe7 10. Qc2 f5 11. cxd5 exd5 12. Rac1 Nd7 13. Nb5 c6 14. Na3 Rfc8
15. Rfd1 Qf6 16. e3 Ng5 17. Nh4 Rf8 18. Qd2 Ne4 19. Qc2 g5 20. Nf3 f4 21. exf4
gxf4 22. Bh3 fxg3 23. fxg3 Rad8 24. Rf1 Qh6 25. Bxd7 Rxd7 26. Ne5 Rd6 27. Rxf8+
Qxf8 28. Rf1 Rf6 29. Qb1 Rxf1+ 30. Qxf1 Qxf1+ 31. Kxf1 Ba6+ 32. Kg2 c5 33. dxc5
bxc5 0-1

[Event "VIII Open Primavera Vomero"]
[Site "Napoli ITA"]
[Date "2011.03.18"]
[Round "2"]
[White "Franzese, Luigi"]
[Black "Gallina, Giacomo"]
[Result "1-0"]
[WhiteElo "1890"]
[BlackElo "1703"]
[PlyCount "71"]
[EventDate "2011.03.11"]

1. e4 d5 2. exd5 Nf6 3. Nf3 Qxd5 4. d4 c6 5. Nbd2 Bf5 6. Bc4 Qa5 7. O-O e6 8.
Nb3 Qc7 9. Ne5 Nd5 10. c3 Bd6 11. Re1 Nd7 12. Qe2 N5b6 13. f4 Nxc4 14. Qxc4 Be7
15. Be3 Be4 16. Nxd7 Bd5 17. Qe2 Qxd7 18. Nd2 b5 19. b3 c5 20. dxc5 Rc8 21. b4
O-O 22. Bd4 f5 23. Nf3 Bf6 24. Ne5 Qe7 25. a4 Bxe5 26. Bxe5 Qb7 27. axb5 Be4
28. Red1 Qf7 29. Rd6 Qg6 30. Rxa7 Rf7 31. b6 Rxa7 32. bxa7 Qe8 33. Qd1 Qg6 34.
Rd8+ Rxd8 35. Qxd8+ Kf7 36. Qg5 1-0

[Event "VIII Open Primavera Vomero"]
[Site "Napoli ITA"]
[Date "2011.03.18"]
[Round "2"]
[White "Improta, Giovanni"]
[Black "Ficco, Corrado"]
[Result "1/2-1/2"]
[WhiteElo "1859"]
[BlackElo "2130"]
[PlyCount "108"]
[EventDate "2011.03.11"]

1. e4 c5 2. Nf3 e6 3. c4 Nc6 4. Be2 Nf6 5. Nc3 d5 6. e5 Ng4 7. cxd5 exd5 8. Bb5
d4 9. Ne4 Qd5 10. d3 Ngxe5 11. Nxe5 Qxe5 12. f4 Qc7 13. O-O Bf5 14. Ng3 Bd7 15.
f5 O-O-O 16. Ne4 Ne5 17. a4 f6 18. Bf4 Bxf5 19. Rc1 Bxe4 20. dxe4 Kb8 21. b4 g5
22. Bg3 h5 23. h3 h4 24. Bh2 g4 25. Qxg4 Nxg4 26. Bxc7+ Kxc7 27. hxg4 d3 28.
Rxf6 d2 29. Rf7+ Kb8 30. Rd1 cxb4 31. Bc4 Bc5+ 32. Kh2 Rd4 33. Bd5 Bd6+ 34. Kg1
Bc7 35. g5 Bb6 36. Kf1 h3 37. gxh3 Rxh3 38. g6 Rh1+ 39. Ke2 Rh2+ 40. Kf3 Rd3+
41. Kg4 Rg2+ 42. Kf5 Rdg3 43. Rxb7+ Kc8 44. g7 Rg5+ 45. Kf4 Rxd5 46. Rxb6 axb6
47. exd5 Rxg7 48. Rxd2 Ra7 49. Ke5 Rxa4 50. Kd6 b3 51. Rb2 Re4 52. Kc6 Kd8 53.
d6 Rc4+ 54. Kxb6 Rc3 1/2-1/2

[Event "VIII Open Primavera Vomero"]
[Site "Napoli ITA"]
[Date "2011.03.18"]
[Round "2"]
[White "Lombardo, Claudio"]
[Black "Borrelli, Salvatore"]
[Result "1/2-1/2"]
[WhiteElo "1772"]
[BlackElo "1973"]
[PlyCount "47"]
[EventDate "2011.03.11"]

1. d4 e6 2. c4 f5 3. Nf3 Nf6 4. Nc3 Bb4 5. Bd2 O-O 6. e3 b6 7. Be2 Bb7 8. O-O
Bxc3 9. Bxc3 Ne4 10. Rc1 d6 11. Nd2 Qg5 12. Nxe4 Bxe4 13. Bf3 Nd7 14. Qe2 Rf6
15. Bxe4 fxe4 16. f4 exf3 17. Rxf3 Raf8 18. Rcf1 e5 19. Rxf6 Rxf6 20. Rxf6 Qxf6
21. Qg4 Qf7 22. dxe5 h5 23. Qe4 dxe5 24. Qa8+ 1/2-1/2

[Event "VIII Open Primavera Vomero"]
[Site "Napoli ITA"]
[Date "2011.03.18"]
[Round "2"]
[White "Lombardo, Michele"]
[Black "Esposito, Rosario"]
[Result "1-0"]
[WhiteElo "2030"]
[BlackElo "1833"]
[PlyCount "73"]
[EventDate "2011.03.11"]

1. e4 c5 2. Nc3 Nc6 3. g3 g6 4. Bg2 Bg7 5. d3 d6 6. Be3 Nf6 7. h3 O-O 8. Qd2
Rb8 9. Nge2 b5 10. g4 b4 11. Nd1 Bd7 12. Ng3 a5 13. f4 a4 14. a3 Ne8 15. axb4
Nxb4 16. c3 Na6 17. O-O Nec7 18. f5 Na8 19. Bh6 Qb6 20. h4 c4+ 21. d4 Qc7 22.
h5 Nb6 23. hxg6 fxg6 24. Qg5 Bf6 25. Qe3 Rf7 26. Ne2 e5 27. fxe6 Bxe6 28. Nf4
Bxg4 29. Qg3 Qd7 30. Ne3 Be6 31. d5 Nxd5 32. Nfxd5 Bxd5 33. Nxd5 Be5 34. Bf4
Bxf4 35. Rxf4 Rg7 36. Raf1 Nc5 37. Nf6+ 1-0

[Event "VIII Open Primavera Vomero"]
[Site "Napoli ITA"]
[Date "2011.03.18"]
[Round "2"]
[White "Petteruti, Antonio"]
[Black "Avolio, Giovanni"]
[Result "1-0"]
[WhiteElo "1485"]
[BlackElo "1808"]
[PlyCount "111"]
[EventDate "2011.03.11"]

1. d4 Nf6 2. Nf3 g6 3. Bf4 d6 4. Nbd2 Bg7 5. c3 O-O 6. e4 Bg4 7. h3 Bxf3 8.
Qxf3 c6 9. Bd3 Nbd7 10. O-O e5 11. Be3 Qc7 12. Qe2 b5 13. Nf3 a6 14. Rfe1 Rfe8
15. Qd2 exd4 16. Bxd4 c5 17. Bxf6 Nxf6 18. Nh2 Re7 19. Nf1 Rae8 20. f3 c4 21.
Bc2 Qc5+ 22. Qf2 Qc6 23. a4 d5 24. exd5 Qxd5 25. Ng3 Qc6 26. Rxe7 Rxe7 27. axb5
axb5 28. Ne4 Nxe4 29. Bxe4 Qe6 30. Qc5 Be5 31. Qxb5 Rd7 32. Rf1 Bf4 33. Qa4 f5
34. Bc2 Be3+ 35. Kh1 Rd2 36. Rd1 Qd5 37. Qe8+ Kg7 38. Qxe3 Rxd1+ 39. Bxd1 Qxd1+
40. Qg1 Qc2 41. Qd4+ Kh6 42. Qxc4 Qxb2 43. Qf4+ Kg7 44. Qc7+ Kh6 45. c4 Qc1+
46. Kh2 f4 47. Qc5 g5 48. Qf8+ Kg6 49. Qd6+ Kg7 50. Qe5+ Kg6 51. Qe6+ Kh5 52.
Qf7+ Kh6 53. Qf6+ Kh5 54. Qe6 Qc2 55. Qe4 Qf2 56. Qxh7# 1-0

[Event "VIII Open Primavera Vomero"]
[Site "Napoli ITA"]
[Date "2011.03.18"]
[Round "2"]
[White "Rosato, Luciano"]
[Black "Casale, Antonio"]
[Result "1-0"]
[WhiteElo "2278"]
[BlackElo "1802"]
[PlyCount "123"]
[EventDate "2011.03.11"]

1. d4 d5 2. Nf3 c6 3. c4 e6 4. e3 Nf6 5. Nbd2 Bd6 6. b3 O-O 7. Bb2 Nbd7 8. Bd3
Re8 9. Ne5 Nf8 10. O-O N6d7 11. f4 f6 12. Nxd7 Bxd7 13. e4 dxe4 14. Nxe4 Be7
15. Qc2 f5 16. Nd2 Bf6 17. c5 Bc8 18. Nf3 Ng6 19. Ne5 Bxe5 20. dxe5 Qh4 21. g3
Qe7 22. Rad1 Rd8 23. Be2 Bd7 24. Rd6 Nh8 25. b4 Nf7 26. Rd2 Be8 27. Rfd1 Rxd2
28. Rxd2 Rd8 29. Bc4 Rxd2 30. Qxd2 Qd7 31. Qc2 Nd8 32. Kf2 Bh5 33. Ke3 Qd1 34.
Qxd1 Bxd1 35. b5 Kf7 36. Bc3 cxb5 37. Bxb5 Nc6 38. Bf1 Ke7 39. Bg2 Kd7 40. h3
Kc8 41. Be1 Ba4 42. g4 g6 43. gxf5 gxf5 44. Bc3 Ne7 45. Kf2 Bc6 46. Bf1 Bd5 47.
a3 Kd7 48. Kg3 Ke8 49. Ba5 Nc6 50. Bc7 Kf7 51. Be2 a6 52. Bh5+ Kg7 53. Bd6 Nd4
54. Be7 Bc6 55. Bf6+ Kg8 56. Be7 Nc2 57. Kh4 Nxa3 58. Kg5 Nb5 59. Kf6 Bd7 60.
Bf7+ Kh8 61. Bf8 h6 62. Kg6 1-0

[Event "VIII Open Primavera Vomero"]
[Site "Napoli ITA"]
[Date "2011.03.18"]
[Round "2"]
[White "Sgammato, Francesco"]
[Black "Marturano, Giampiero"]
[Result "0-1"]
[WhiteElo "1689"]
[BlackElo "2068"]
[PlyCount "60"]
[EventDate "2011.03.11"]

1. c4 e5 2. Nc3 Nf6 3. Nf3 Nc6 4. g3 Bc5 5. Bg2 d6 6. O-O Bg4 7. d3 h6 8. Na4
Bb6 9. Nxb6 axb6 10. Nd2 Qd7 11. Re1 Bh3 12. e3 O-O 13. a3 Nh7 14. b4 Ng5 15.
Bh1 Nxb4 16. Qb3 Qa4 17. Qc3 Nc2 18. Bb2 Nxa1 19. Rxa1 Qa5 20. Qc2 Bd7 21. Nb3
Ba4 22. Bc3 Qa7 23. Bb2 Bc6 24. e4 f5 25. h4 Ne6 26. c5 fxe4 27. dxe4 Qa4 28.
Qd3 bxc5 29. Rc1 Nd4 30. Nxd4 exd4 0-1

[Event "VIII Open Primavera Vomero"]
[Site "Napoli ITA"]
[Date "2011.03.18"]
[Round "2"]
[White "Sparice, Lorenzo"]
[Black "Chiummo, Sergio"]
[Result "0-1"]
[WhiteElo "1380"]
[BlackElo "1937"]
[PlyCount "64"]
[EventDate "2011.03.11"]

1. d4 Nf6 2. Nf3 e6 3. c4 b6 4. e3 Bb7 5. Bd3 c5 6. O-O Be7 7. Re1 O-O 8. Nbd2
d5 9. e4 dxe4 10. Nxe4 cxd4 11. Nxf6+ Bxf6 12. b4 Nd7 13. Rb1 e5 14. Be4 Bxe4
15. Rxe4 Qc7 16. Qd3 Rfe8 17. Bg5 h6 18. Bd2 Rac8 19. Rc1 Qd8 20. h4 Re6 21.
Qa3 Rc7 22. g3 Qa8 23. Qb3 Qxe4 24. Re1 Qc6 25. b5 Qxc4 26. Qb1 Qd5 27. Nh2 e4
28. Ng4 Be7 29. Bf4 Rc5 30. a4 f5 31. Nxh6+ gxh6 32. Qd1 Bd6 0-1